000 00374 a2200121 4500
001 ART_10886
005 20260410161732.0
008 260409a
245 1 0 _a1er. SET 1986 Austral y Cruzado. Dos Planes Bajo la Lupa
100 1 _aGuedes, Paulo
700 1 _aExpósito, David
773 0 _tEjecutivos de finanzas
_g- Año 3, Nº 27 (may. 1986)
_wREV2863
999 _c17928
_d17928